Rosa y espada

Guardado en:
书目详细资料
主要作者: Montero Vega, Arturo
格式: 图书
语言:Undetermined
出版: San José, Costa Rica Lehmann 1969
主题:
标签: 添加标签
没有标签, 成为第一个标记此记录!

MARC

LEADER 00000nam a2200000Ia 4500
008 170316s9999 xx 000 0 und d
040 |a cru BVZT 
090 |a 868 M-12ro 
100 |a Montero Vega, Arturo 
245 |a Rosa y espada 
260 |a San José, Costa Rica  |b Lehmann  |c 1969 
300 |a 69 páginas 
650 |a LITERATURA COSTARRICENSE 
942 |c 15 D 
999 |c 11291  |d 11291